Game of Thrones - Personnages par images #1 - Statistiques

Statistiques générales
  • Ce quiz a été pris 48 fois
  • Le résultat moyen est 12 sur 16
Statistiques - réponses
Par images Réponse % Correct
Joffrey Baratheon
100%
Tyrion Lannister
98%
Sansa Stark
95%
Cersei Lannister
93%
Jaime Lannister
93%
Peter Baelish
88%
Theon Greyjoy
88%
Varys
85%
Tommen Baratheon
78%
Catelyn Stark
73%
Gendry Baratheon
73%
Davos Mervault
66%
Melisandre
61%
Vère
59%
Ellaria Sand
46%
Talisa Stark
44%
Aucun quiz correspondant
Distribution des résultats
% des personnes avec chaque résultat
Percentile par nombre de réponses
Votre historique - résultats
Vous n’avez pas pris ce quiz